[Event "Vaujany 2022 Accession"]
[Site "Vaujany"]
[Date "2022.07.17"]
[Round "4.1"]
[White "Laposte, Nicolas"]
[Black "Frelau, Mathias"]
[Result "1-0"]
[WhiteElo "1709"]
[BlackElo "1786"]
[PlyCount "35"]
[EventDate "2022.07.14"]
[EventType "swiss"]
[EventCountry "FRA"]
[SourceVersionDate "2022.07.17"]

1. e4 c5 2. Nc3 Nc6 3. Bb5 g6 4. Bxc6 bxc6 5. f4 Bg7 6. Nf3 Ba6 7. d3 d6 8. O-O
e6 9. Qe1 Ne7 10. f5 gxf5 11. exf5 Nxf5 12. Ng5 Bc8 13. Rxf5 h6 14. Nxf7 Bd4+
15. Kh1 Rf8 16. Nxd8 Rxf5 17. Nxe6 Re5 18. Qxe5 1-0

[Event "Vaujany 2022 Accession"]
[Site "Vaujany"]
[Date "2022.07.17"]
[Round "4.4"]
[White "Roche, Yves"]
[Black "Godart, Michel"]
[Result "1-0"]
[WhiteElo "1729"]
[BlackElo "1680"]
[Annotator "promoechecs"]
[PlyCount "36"]
[EventDate "2022.07.14"]
[EventType "swiss"]
[EventCountry "FRA"]
[SourceVersionDate "2022.07.17"]

1. d4 b6 2. c4 Bb7 3. Nc3 e6 4. a3 Ne7 5. e4 g6 6. Be3 Bg7 7. Qd2 h6 8. f3 d6
9. Bd3 Nd7 10. Nge2 a6 11. Rd1 f5 12. Nf4 Kf7 13. Bb1 g5 14. Nh5 f4 15. Bf2 e5
16. Nxg7 Kxg7 17. b4 Rg8 18. Ba2 c5 (18... c5 19. dxe5 Nxe5 (19... dxe5 20.
Qxd7 Qxd7 21. Rxd7) 20. Qxd6 Qxd6 21. Rxd6) 1-0

[Event "Vaujany 2022 Accession"]
[Site "Vaujany"]
[Date "2022.07.17"]
[Round "4.7"]
[White "Lenen, Pierre"]
[Black "Brochard, Patrice"]
[Result "1-0"]
[WhiteElo "1723"]
[BlackElo "1529"]
[Annotator "promoechecs"]
[PlyCount "53"]
[EventDate "2022.07.14"]
[EventType "swiss"]
[EventCountry "FRA"]
[SourceVersionDate "2022.07.17"]

{[%evp 0,19,16,28,27,-9,32,37,78,74,67,66,62,54,63,54,44,16,59,49,56,16]} {
Table fixe N°50 (remplace la table 7)} 1. d4 Nf6 2. c4 g6 3. Nc3 d5 4. cxd5
Nxd5 5. e4 Nxc3 6. bxc3 c5 7. Be3 Bg7 8. Qd2 Qa5 9. Nf3 Nc6 10. Be2 b5 (10...
cxd4 11. cxd4 Qxd2+ 12. Kxd2) 11. Rb1 a6 12. e5 O-O 13. O-O Rd8 14. Qb2 Be6 15.
a3 Rab8 16. dxc5 Nxe5 17. Nxe5 Bxe5 18. Bd4 Qc7 19. h3 Bg7 20. Rbd1 f5 21. f4
Bf7 22. Rd3 e5 23. fxe5 Bxe5 24. Kh1 Re8 25. Qd2 Bd5 $2 26. Bxe5 Rxe5 27. Rxd5
1-0

[Event "Vaujany 2022 Accession"]
[Site "Vaujany"]
[Date "2022.07.17"]
[Round "4.2"]
[White "Deneyer, Frank"]
[Black "findeling creus, paul"]
[Result "1/2-1/2"]
[WhiteElo "1828"]
[BlackElo "1639"]
[PlyCount "44"]
[EventDate "2022.07.14"]
[EventType "swiss"]
[EventCountry "FRA"]
[SourceVersionDate "2022.07.17"]

1. e4 e6 2. d4 d5 3. Nc3 Nf6 4. Bg5 Be7 5. e5 Nfd7 6. h4 Nc6 7. Bxe7 Qxe7 8.
Nf3 Nb6 9. a3 Bd7 10. Qd2 h6 11. O-O-O O-O-O 12. Qe3 Na5 13. Nd2 Kb8 14. f4 Rc8
15. Kb1 c5 16. dxc5 Rxc5 17. Nb3 Nxb3 18. cxb3 Rhc8 19. Ka2 h5 20. Be2 Rh8 21.
Bd3 Nc8 22. Ne2 a6 1/2-1/2

[Event "Vaujany 2022 Accession"]
[Site "Vaujany"]
[Date "2022.07.18"]
[Round "5.31"]
[White "Zanin, Clement"]
[Black "Astar, Valentin"]
[Result "1-0"]
[WhiteElo "1404"]
[BlackElo "1215"]
[PlyCount "35"]
[EventDate "2022.07.14"]
[EventType "swiss"]
[EventCountry "FRA"]
[SourceVersionDate "2022.07.17"]

1. e4 c5 2. Nc3 Nc6 3. Bc4 g6 4. d3 Bg7 5. f4 d6 6. Nf3 e6 7. O-O Nge7 8. Qe1
Nd4 9. Qf2 O-O 10. f5 exf5 11. Qh4 Nxf3+ 12. Rxf3 Nc6 13. Bg5 Qb6 14. Nd5 Qa5
15. Nf6+ Bxf6 16. Bxf6 h5 17. Qg5 Qd8 18. Qxg6# 1-0

[Event "Vaujany 2022 Accession"]
[Site "Vaujany"]
[Date "2022.07.18"]
[Round "5.6"]
[White "Oumer, Walid"]
[Black "Lenen, Pierre"]
[Result "1-0"]
[WhiteElo "1492"]
[BlackElo "1723"]
[Annotator "promoechecs"]
[PlyCount "45"]
[EventDate "2022.07.14"]
[EventType "swiss"]
[EventCountry "FRA"]
[SourceVersionDate "2022.07.17"]

{[%evp 0,45,17,17,21,-23,0,4,4,6,33,11,17,20,27,-7,36,8,4,4,10,10,8,1,25,24,28,
26,28,28,50,41,47,32,69,21,812,797,800,839,839,969,1082,770,787,735,735,755]} {
Table fixe N° 50} 1. d4 Nf6 2. c4 e6 3. Nf3 d5 4. Nc3 Bb4 5. Bg5 O-O 6. e3 h6
7. Bh4 Nbd7 8. Bd3 dxc4 9. Bxc4 b6 10. O-O Bb7 11. Rc1 g5 12. Bg3 Bxc3 13. Rxc3
Ne4 14. Rc1 Nxg3 15. hxg3 Rc8 16. Qc2 c5 17. Bxe6 cxd4 18. Qg6+ Kh8 19. Qxh6+
Kg8 20. Nxg5 Nf6 21. Bxc8 Bxc8 22. Rc6 Be6 23. Rxe6 1-0

[Event "Vaujany 2022 Accession"]
[Site "Vaujany"]
[Date "2022.07.18"]
[Round "5.9"]
[White "Sitouze, Emma"]
[Black "Pu, Linden"]
[Result "0-1"]
[WhiteElo "1317"]
[BlackElo "1801"]
[PlyCount "42"]
[EventDate "2022.07.14"]
[EventType "swiss"]
[EventCountry "FRA"]
[SourceVersionDate "2022.07.17"]

1. g3 d5 2. Bg2 Nf6 3. Nf3 e6 4. d3 Be7 5. O-O O-O 6. c4 c6 7. b3 Nbd7 8. Bd2
e5 9. b4 e4 10. Ne1 Ne5 11. Qb3 Be6 12. Na3 dxc4 13. Qc3 cxd3 14. exd3 Nxd3 15.
Nxd3 Qxd3 16. Qxd3 exd3 17. Rad1 a5 18. Nb1 axb4 19. Be3 Rxa2 20. Nd2 Nd5 21.
Rfe1 Nc3 0-1

[Event "Vaujany 2022 Accession"]
[Site "Vaujany"]
[Date "2022.07.18"]
[Round "5.2"]
[White "Demuyser, Xavier"]
[Black "Deneyer, Frank"]
[Result "1-0"]
[WhiteElo "1593"]
[BlackElo "1828"]
[PlyCount "89"]
[EventDate "2022.07.14"]
[EventType "swiss"]
[EventCountry "FRA"]
[SourceVersionDate "2022.07.17"]

1. e4 c5 2. d3 Nc6 3. Nf3 d6 4. g3 g6 5. Bg2 Bg7 6. c3 Bd7 7. O-O Nf6 8. Re1
O-O 9. e5 Ng4 10. exd6 exd6 11. h3 Nge5 12. Nxe5 dxe5 13. Be3 b6 14. Qd2 Rc8
15. Bh6 Qf6 16. Bxg7 Kxg7 17. Na3 Rfd8 18. Qe3 Bf5 19. Rad1 h5 20. f4 exf4 21.
gxf4 Be6 22. Nc4 Bxc4 23. dxc4 Rxd1 24. Rxd1 Rd8 25. Rd5 Qe6 26. Qf3 Re8 27. f5
Qe3+ 28. Qxe3 Rxe3 29. Kf2 Re7 30. f6+ Kxf6 31. Rd6+ Re6 32. Rxc6 Rxc6 33. Bxc6
g5 34. Kf3 Kg6 35. Be8 Kf6 36. Bd7 Ke5 37. Be8 g4+ 38. hxg4 hxg4+ 39. Kxg4 Ke4
40. Bxf7 Kd3 41. Bg6+ Kxc4 42. Kf4 b5 43. Ke4 b4 44. Bf7+ Kb5 45. c4+ 1-0

[Event "Vaujany 2022 Accession"]
[Site "Vaujany"]
[Date "2022.07.19"]
[Round "6.6"]
[White "Lalitte, Raphael"]
[Black "Gibaud, Emilien"]
[Result "0-1"]
[WhiteElo "1522"]
[BlackElo "1752"]
[PlyCount "48"]
[EventDate "2022.07.14"]
[EventType "swiss"]
[EventCountry "FRA"]
[SourceVersionDate "2022.07.17"]

1. e4 c5 2. Nf3 e6 3. d4 cxd4 4. Nxd4 Nc6 5. Nc3 Qc7 6. Be3 a6 7. Qd2 Nf6 8.
O-O-O Bb4 9. f3 Ne5 10. Qe1 Bxc3 11. Qxc3 Qxc3 12. bxc3 d5 13. Re1 dxe4 14.
fxe4 Bd7 15. g3 Rc8 16. Kb2 Nc4+ 17. Bxc4 Rxc4 18. Kb3 b5 19. Bf4 O-O 20. h3
Rfc8 21. Bd2 b4 22. e5 Nd5 23. Ne2 bxc3 24. Nxc3 Nxc3 0-1

[Event "Vaujany 2022 Accession"]
[Site "Vaujany"]
[Date "2022.07.19"]
[Round "6.12"]
[White "Nicot, Valentin"]
[Black "Chofardet, Pierre"]
[Result "1-0"]
[WhiteElo "1631"]
[BlackElo "1524"]
[PlyCount "49"]
[EventDate "2022.07.14"]
[EventType "swiss"]
[EventCountry "FRA"]
[SourceVersionDate "2022.07.17"]

1. e4 e6 2. d4 d5 3. Nd2 Nc6 4. c3 e5 5. Bb5 exd4 6. cxd4 Bb4 7. a3 Bxd2+ 8.
Qxd2 Nge7 9. e5 O-O 10. Ne2 f6 11. exf6 Rxf6 12. O-O Qd6 13. Ng3 Be6 14. Qd1 a6
15. Ba4 Nf5 16. Nxf5 Bxf5 17. Be3 Rg6 18. Bc2 Ne7 19. Rc1 Rf8 20. Qd2 c6 21.
Bf4 Qf6 22. Be5 Qh4 23. Bg3 Qg5 24. Qxg5 Rxg5 25. Bh4 1-0

[Event "Vaujany 2022 Accession"]
[Site "Vaujany"]
[Date "2022.07.19"]
[Round "6.1"]
[White "Laposte, Nicolas"]
[Black "Martin, Alix"]
[Result "1-0"]
[WhiteElo "1709"]
[BlackElo "1695"]
[PlyCount "55"]
[EventDate "2022.07.14"]
[EventType "swiss"]
[EventCountry "FRA"]
[SourceVersionDate "2022.07.17"]

1. e4 e5 2. Nf3 Nc6 3. Bb5 a6 4. Ba4 b5 5. Bb3 Bc5 6. O-O Nf6 7. c3 d6 8. h3
O-O 9. d4 Bb6 10. Bg5 h6 11. Bh4 g5 12. Nxg5 hxg5 13. Bxg5 exd4 14. Qf3 Kg7 15.
Qg3 Nh5 16. Qh4 f6 17. Bd2 Rh8 18. Bd1 Qe8 19. e5 Qg6 20. Bf3 Ng3 21. exf6+
Qxf6 22. Qxg3+ Kf8 23. Bxc6 Rb8 24. Qf3 Kg7 25. Qxf6+ Kxf6 26. cxd4 Be6 27. d5
Bd4 28. dxe6 1-0

[Event "Vaujany 2022 Accession"]
[Site "Vaujany"]
[Date "2022.07.21"]
[Round "8.16"]
[White "Deneyer, Frank"]
[Black "Carissan, Matteo"]
[Result "1-0"]
[WhiteElo "1828"]
[BlackElo "1352"]
[PlyCount "51"]
[EventDate "2022.07.14"]
[EventType "swiss"]
[EventCountry "FRA"]
[SourceVersionDate "2022.07.17"]

1. e4 e6 2. d4 d5 3. Nc3 Bb4 4. e5 c5 5. a3 Bxc3+ 6. bxc3 Qc7 7. Qg4 f5 8. Qh5+
g6 9. Qh3 b6 10. a4 Ba6 11. Bb5+ Bxb5 12. axb5 Qd7 13. Ne2 Qxb5 14. Nf4 Kf7 15.
Ba3 Nc6 16. g4 Nge7 17. Qh4 Ng8 18. gxf5 gxf5 19. Qh5+ Ke7 20. Rg1 Kd7 21. Qf7+
Nge7 22. Qxe6+ Kc7 23. Rg7 Rhg8 24. Nxd5+ Kb7 25. Qd7+ Ka6 26. Nc7+ 1-0

[Event "Vaujany 2022 Accession"]
[Site "Vaujany"]
[Date "2022.07.21"]
[Round "8.22"]
[White "Schalembier, Killian"]
[Black "Destaing, Mickael"]
[Result "0-1"]
[WhiteElo "1584"]
[BlackElo "1364"]
[PlyCount "52"]
[EventDate "2022.07.14"]
[EventType "swiss"]
[EventCountry "FRA"]
[SourceVersionDate "2022.07.17"]

1. e4 c5 2. Nf3 Nc6 3. d4 cxd4 4. Nxd4 Nf6 5. Nc3 e5 6. Nf3 Bb4 7. Bd3 d5 8.
Bd2 Bxc3 9. Bxc3 dxe4 10. Nxe5 exd3 11. O-O dxc2 12. Qe2 O-O 13. Nxc6 bxc6 14.
Qxc2 Re8 15. Rad1 Qc7 16. Rd3 Ba6 17. Rh3 h6 18. Rc1 Ne4 19. Bd4 Re6 20. f3 Ng5
21. Rh4 Rae8 22. Qc3 f6 23. Rg4 Qe7 24. Bf2 Bc8 25. h4 Nf7 26. Qd2 Re2 0-1

[Event "Vaujany 2022 Accession"]
[Site "Vaujany"]
[Date "2022.07.21"]
[Round "8.28"]
[White "Denaes"]
[Black "Berbille"]
[Result "1-0"]
[WhiteElo "1552"]
[BlackElo "1479"]
[PlyCount "55"]
[EventDate "2022.07.14"]
[EventType "swiss"]
[EventCountry "FRA"]
[SourceVersionDate "2022.07.17"]

1. e4 c5 2. c3 d5 3. exd5 Qxd5 4. d4 Nc6 5. Nf3 cxd4 6. cxd4 e6 7. Nc3 Qd8 8.
Bb5 Bd7 9. O-O Nf6 10. Re1 Be7 11. Ne5 O-O 12. Qa4 a6 13. Bxc6 Bxc6 14. Nxc6
bxc6 15. Be3 Qb6 16. Rab1 Rfd8 17. d5 Qb4 18. dxc6 Qxa4 19. Nxa4 Rac8 20. Rbc1
Rd6 21. c7 Nd5 22. Bc5 Rc6 23. Bxe7 Rxc1 24. Rxc1 Nxe7 25. Nb6 Kf8 26. Nxc8
Nxc8 27. Rd1 Ke7 28. Rd8 1-0

[Event "Vaujany 2022 Accession"]
[Site "Vaujany"]
[Date "2022.07.21"]
[Round "8.9"]
[White "David, Pierre Yves"]
[Black "Azou, Jorre"]
[Result "1/2-1/2"]
[WhiteElo "1724"]
[BlackElo "1552"]
[PlyCount "33"]
[EventDate "2022.07.14"]
[EventType "swiss"]
[EventCountry "FRA"]
[SourceVersionDate "2022.07.17"]

1. e4 c6 2. d4 d5 3. Nc3 dxe4 4. Nxe4 Bf5 5. Ng3 Bg6 6. Nf3 Nd7 7. h4 h6 8. h5
Bh7 9. Bd3 Bxd3 10. Qxd3 Ngf6 11. Bf4 e6 12. O-O-O Be7 13. Ne5 O-O 14. Ne4 Nxe5
15. Bxe5 Nxe4 16. Qxe4 Bf6 17. Rh3 1/2-1/2

[Event "Vaujany 2022 Accession"]
[Site "Vaujany"]
[Date "2022.07.21"]
[Round "8.7"]
[White "Lalitte, Raphael"]
[Black "Pu, Linden"]
[Result "0-1"]
[WhiteElo "1522"]
[BlackElo "1801"]
[PlyCount "78"]
[EventDate "2022.07.14"]
[EventType "swiss"]
[EventCountry "FRA"]
[SourceVersionDate "2022.07.17"]

1. e4 d6 2. d4 Nf6 3. Nc3 Nbd7 4. f4 e5 5. Nf3 exd4 6. Nxd4 c6 7. Bc4 Nc5 8. e5
Bg4 9. Nde2 Nfe4 10. Nxe4 Nxe4 11. Qd3 d5 12. h3 Bxe2 13. Kxe2 Qh4 14. Be3 Ng3+
15. Kf3 Nxh1 16. Rxh1 dxc4 17. Qxc4 Qd8 18. Ke2 Qd5 19. Qxd5 cxd5 20. Rd1 b6
21. Rxd5 Rc8 22. c3 Bc5 23. Bd2 Rd8 24. c4 a5 25. Kf3 Rxd5 26. cxd5 Kd7 27. f5
f6 28. e6+ Ke7 29. g4 Rc8 30. Bc3 Bb4 31. Bd4 Rc2 32. Bxb6 Rxb2 33. a3 Rb3+ 34.
Ke4 Rxa3 35. Kd4 Bd6 36. Kc4 a4 37. Ba5 Ra1 38. Kb5 a3 39. Kc6 Rc1+ 0-1

[Event "Vaujany 2022 Accession"]
[Site "Vaujany"]
[Date "2022.07.14"]
[Round "1.1"]
[White "Jean, Robert"]
[Black "Deneyer, Frank"]
[Result "0-1"]
[WhiteElo "1518"]
[BlackElo "1828"]
[Annotator "promoechecs"]
[PlyCount "104"]
[EventDate "2022.07.14"]
[EventType "swiss"]
[EventCountry "FRA"]
[SourceVersionDate "2022.07.17"]

1. c4 e5 2. g3 Nf6 3. Bg2 d5 4. cxd5 Nxd5 5. Nc3 Nb6 6. Nf3 Nc6 7. O-O Be7 8.
a3 O-O 9. b4 a6 10. d3 Be6 11. Be3 Nd5 12. Nxd5 Bxd5 13. Rc1 f5 14. Bc5 b6 15.
Bxe7 Qxe7 16. Nh4 Bxg2 17. Nxg2 Nd4 18. e3 Ne6 19. Qc2 c5 20. Qb3 Kh8 21. bxc5
bxc5 22. Rc4 Rfb8 23. Qc3 Qd6 24. Rc1 Rd8 25. Ne1 Rab8 26. Rd1 h6 27. Qc2 Rb6
28. Rb1 Rxb1 29. Qxb1 Rb8 30. Qc2 g5 31. d4 exd4 32. Qxf5 Rf8 33. Qg6 Qd5 34.
Qxh6+ Kg8 35. Qg6+ Kh8 36. Qh6+ Kg8 37. Qg6+ Ng7 38. Qd3 Qf7 39. Rc2 dxe3 40.
Qxe3 Re8 41. Qd2 Qf5 42. Ng2 Ne6 43. Ne3 Qh3 44. Qd5 Rd8 45. Qg2 Qh7 46. Rc1
Qd3 47. Qf1 Qxa3 48. Qc4 Kf8 49. Qc3 Qxc3 50. Rxc3 Rc8 51. Nd5 Nd4 52. Nf6 $4
Ne2+ 0-1

[Event "Vaujany 2022 Accession"]
[Site "Vaujany"]
[Date "2022.07.14"]
[Round "1.2"]
[White "Mergen, Bat"]
[Black "Brion lacherest, Nathan"]
[Result "0-1"]
[WhiteElo "1824"]
[BlackElo "1711"]
[PlyCount "78"]
[EventDate "2022.07.14"]
[EventType "swiss"]
[EventCountry "FRA"]
[SourceVersionDate "2022.07.17"]

1. d4 d5 2. Nf3 Nf6 3. e3 e6 4. Bd3 c5 5. Nbd2 Nc6 6. b3 b6 7. Bb2 Be7 8. Ne5
Bb7 9. O-O O-O 10. a3 Nd7 11. f4 f5 12. Ndf3 Ndxe5 13. dxe5 Qe8 14. Qe2 Qh5 15.
Ba6 Bxa6 16. Qxa6 g5 17. Qb5 Rac8 18. Rad1 g4 19. Nd2 Rfd8 20. Qe2 Qg6 21. c4
d4 22. e4 h5 23. Qd3 Re8 24. exf5 exf5 25. h3 Nd8 26. hxg4 hxg4 27. g3 Kg7 28.
Kg2 Rh8 29. Rh1 Qc6+ 30. Kf2 Rxh1 31. Rxh1 Qxh1 32. Qxf5 Qh2+ 33. Kf1 Rc6 34.
Qxg4+ Rg6 35. Qd7 Rxg3 36. Qxe7+ Nf7 37. Qf6+ Kg8 38. Ke1 Rg1+ 39. Nf1 Qg2 0-1

[Event "Vaujany 2022 Accession"]
[Site "Vaujany"]
[Date "2022.07.14"]
[Round "1.3"]
[White "Oumer, Walid"]
[Black "Pu, Linden"]
[Result "1-0"]
[WhiteElo "1492"]
[BlackElo "1801"]
[Annotator "promoechecs"]
[PlyCount "82"]
[EventDate "2022.07.14"]
[EventType "swiss"]
[EventCountry "FRA"]
[SourceVersionDate "2022.07.17"]

1. d4 d5 2. c4 e6 3. Nc3 Nf6 4. Bg5 c6 5. e3 Nbd7 6. Nf3 Be7 7. Bd3 a6 8. cxd5
exd5 9. O-O h6 10. Bh4 O-O 11. a4 Re8 12. Qc2 Ne4 13. Bxe7 Qxe7 14. Nd2 Ndf6
15. Ncxe4 dxe4 16. Be2 Bf5 17. Nc4 Nd5 18. Qb3 Qg5 19. Kh1 Re6 20. Qxb7 Rae8
21. Ne5 R8e7 22. Qa8+ Kh7 23. Nxc6 Rc7 24. Ne5 Nxe3 25. fxe3 Qxe3 26. Rxf5 Qxe2
27. Rxf7 Rf6 28. Rf8 Rxf8 29. Qxf8 Qxb2 30. Qf5+ Kg8 31. Qe6+ Kh7 32. Rf1 Rc1
33. Qg6+ Kg8 34. Qf7+ Kh7 35. Nd7 Rxf1+ 36. Qxf1 Qxd4 37. Qf5+ Kg8 38. Qe6+ Kh7
39. h3 e3 40. Nf8+ Kh8 41. Ng6+ Kh7 {et les blancs finirent par gagner la
finale} 1-0

[Event "Vaujany 2022 Accession"]
[Site "Vaujany"]
[Date "2022.07.14"]
[Round "1.4"]
[White "Frelau, Matthias"]
[Black "Bat, Anu"]
[Result "1-0"]
[WhiteElo "1786"]
[BlackElo "1485"]
[Annotator "promoechecs"]
[PlyCount "115"]
[EventDate "2022.07.14"]
[EventType "swiss"]
[EventCountry "FRA"]
[SourceVersionDate "2022.07.17"]

1. d4 Nf6 2. Bf4 e6 3. Nf3 d5 4. e3 c5 5. c3 Nbd7 (5... Nc6 6. Nbd2 Bd6 7. Bg3
O-O 8. Bd3) 6. Bd3 cxd4 7. exd4 Nh5 8. Bg3 Be7 9. Nbd2 O-O 10. Ne5 g6 11. f4 f6
12. Nef3 Bd6 13. Qe2 Re8 14. Qe3 e5 15. fxe5 Qb6 16. O-O-O Nxe5 17. Nxe5 fxe5
18. Qg5 Qc6 (18... Qc7 $142 19. Rhf1) (18... e4 19. Qxd5+ Be6 20. Qxd6 exd3 21.
Qxb6 axb6 $16) 19. Bxe5 Bxe5 20. dxe5 Be6 21. g4 Ng7 22. Nf3 Qa4 23. Qh6 (23.
Nd4 Qxa2 24. h4 Bf7 25. Rhf1) 23... Qxg4 24. Ng5 Qh5 25. Qxh5 Nxh5 26. Bb5 Re7
27. Nxe6 Rxe6 28. Rxd5 Nf4 29. Rd4 Rxe5 30. Bc4+ Ne6 31. Rd7 b5 32. Bd5 Re8 33.
Rf1 Kh8 34. Bxe6 R5xe6 35. Rfd1 a6 36. R1d2 Kg8 37. Kc2 R8e7 38. Rxe7 Rxe7 39.
a4 Re4 40. axb5 axb5 41. Kd3 Rh4 42. Rf2 Kg7 43. b3 Rh3+ 44. Kd4 h6 45. c4 Rxb3
46. c5 Rb1 47. c6 Rc1 48. Kd5 b4 49. Kd6 Rd1+ 50. Ke7 Re1+ 51. Kd6 Rc1 52. c7
b3 53. Kd7 Rd1+ 54. Kc6 b2 55. Rxb2 Rc1+ 56. Kb7 Kf7 57. c8=Q Rxc8 58. Kxc8 1-0

[Event "Vaujany 2022 Accession"]
[Site "Vaujany"]
[Date "2022.07.14"]
[Round "1.5"]
[White "Berbiille, Tristan"]
[Black "Pitaval, Lucien"]
[Result "1/2-1/2"]
[WhiteElo "1474"]
[BlackElo "1781"]
[Annotator "promoechecs"]
[PlyCount "74"]
[EventDate "2022.07.14"]
[EventType "swiss"]
[EventCountry "FRA"]
[SourceVersionDate "2022.07.17"]

{[%evp 0,47,27,-34,66,15,91,68,83,37,52,-1,13,-12,28,35,29,4,4,-51,-2,-16,13,
-54,-35,-59,69,63,86,60,80,39,-1,-7,1,-27,-20,-58,39,-47,28,28,85,-24,-101,
-390,-396,-396,-376,-352]} 1. g4 g5 2. d4 e6 3. Nf3 Be7 4. Qd2 h6 5. c4 Nf6 6.
h3 b6 7. Nc3 d5 8. Bg2 Bb7 9. b3 dxc4 10. bxc4 c5 11. d5 exd5 12. cxd5 b5 13.
Nxb5 Bxd5 14. Bb2 O-O 15. Nc3 Bc6 16. Qc2 Na6 17. Rd1 Qb6 18. h4 Rab8 19. Ba1
Nb4 20. Qf5 Rbd8 21. Rxd8 Rxd8 22. hxg5 Be4 23. O-O $8 (23. Nxe4 Nc2+ 24. Kf1
Qb1+ 25. Ne1 Qxe1#) 23... Bxf5 24. gxf5 hxg5 25. Nxg5 Nc2 26. Rb1 Nxa1 (26...
Qc7) 27. Rxa1 (27. Rxb6 axb6) 27... Ng4 28. Nf3 c4 29. Rf1 Bc5 (29... Nxf2 30.
Na4 Qe3 31. Rxf2) 30. e3 Bxe3 31. fxe3 Qxe3+ 32. Kh1 Qh6+ (32... Qxc3 $19) 33.
Kg1 Qe3+ 34. Kh1 Qh6+ 35. Kg1 Qe3+ 36. Kh1 Qh6+ 37. Kg1 Qe3+ {nulle par
répétition malgré une position archi gagnante} 1/2-1/2

[Event "Vaujany 2022 Accession"]
[Site "Vaujany"]
[Date "2022.07.14"]
[Round "1.6"]
[White "Gibaud, Elian"]
[Black "Celik, Ali Alper"]
[Result "1/2-1/2"]
[WhiteElo "1752"]
[BlackElo "1471"]
[Annotator "promoechecs"]
[PlyCount "121"]
[EventDate "2022.07.14"]
[EventType "swiss"]
[EventCountry "FRA"]
[SourceVersionDate "2022.07.17"]

1. d4 d5 2. Bf4 c6 3. e3 Bf5 4. c4 e6 5. Qb3 Qb6 6. c5 Qxb3 7. axb3 Nd7 8. b4
Be7 9. Nc3 Bf6 (9... Ngf6) 10. Nf3 Ne7 11. b5 O-O 12. Bd6 Rfe8 13. bxc6 Nxc6
14. Nb5 Rac8 15. Nc7 Red8 16. Bb5 Ndb8 17. Be2 a6 18. O-O Be7 19. Bg3 Rf8 20.
Na8 Nd7 21. Nc7 Ndb8 22. Na8 Nd7 23. Nc7 Ndb8 24. Nxa6 bxa6 25. Bxa6 Nxa6 26.
Rxa6 Bd3 27. Rb6 Bxf1 28. Kxf1 Bd8 29. Rb7 f6 30. b4 Rf7 31. Rxf7 Kxf7 32. b5
Na5 33. b6 Ke8 34. Ne1 Kd7 35. Nd3 Kc6 36. Nf4 e5 37. Ne6 g6 38. f4 Kd7 39.
Nxd8 Rxd8 40. fxe5 f5 41. Bf4 Ke6 42. g3 Rc8 43. Ke2 Nc6 44. Kd3 Ra8 45. Kc3
Ra3+ 46. Kb2 Rd3 47. Kc2 Nb4+ 48. Kb2 Rd1 49. h4 Rg1 50. Kb3 Nc6 51. Kb2 h6 52.
Bxh6 Rxg3 53. Bg5 Rg4 54. Kb3 f4 55. Bxf4 Rxh4 56. Ka4 Rh1 57. Kb5 Nd8 58. Bg5
Rb1+ 59. Ka6 Ra1+ 60. Kb5 Rb1+ 61. Ka6 1/2-1/2

[Event "Vaujany 2022 Accession"]
[Site "Vaujany"]
[Date "2022.07.14"]
[Round "1.7"]
[White "De Braekeleer, Frédéric"]
[Black "Roche, Yves"]
[Result "1/2-1/2"]
[WhiteElo "1469"]
[BlackElo "1725"]
[Annotator "promoechecs"]
[PlyCount "83"]
[EventDate "2022.07.14"]
[EventType "swiss"]
[EventCountry "FRA"]
[SourceVersionDate "2022.07.17"]

{[%evp 0,18,19,31,72,53,77,77,77,13,36,21,90,-25,36,30,30,21,11,20,9]} 1. e4 c5
2. Nf3 Nf6 3. e5 Nd5 4. c3 e6 5. d4 Nc6 (5... cxd4 6. cxd4 d6) 6. Be2 Qc7 7.
O-O cxd4 8. cxd4 d6 9. exd6 Bxd6 10. Nc3 Nxc3 11. bxc3 O-O 12. Qc2 f6 13. Bd3
g5 14. h3 h6 15. Re1 e5 16. d5 Ne7 17. c4 b6 18. Rb1 Bd7 19. a4 Rac8 20. Be3
Nxd5 21. Bh7+ Kh8 22. Qg6 Be8 23. Qxh6 Qxh7 24. Qxh7+ Kxh7 25. cxd5 Bxa4 26.
Ra1 Rc4 27. Nd2 Rb4 28. Rec1 Rf7 29. Nc4 Bf8 30. Bd2 Rxc4 31. Rxc4 Bb3 32. Rc8
Bxd5 33. Be3 b5 34. Bxa7 Bc4 35. Bc5 Bxc5 36. Rxc5 Rd7 37. g4 e4 38. Kg2 Kg6
39. Re1 Rd2 40. Kg3 Bd3 41. Ra1 Rc2 42. Rxc2 1/2-1/2

[Event "Vaujany 2022 Accession"]
[Site "Vaujany"]
[Date "2022.07.14"]
[Round "1.8"]
[White "David, Pierre Yves"]
[Black "Rodriguez, Jean Pierre"]
[Result "0-1"]
[WhiteElo "1724"]
[BlackElo "1464"]
[PlyCount "76"]
[EventDate "2022.07.14"]
[EventType "swiss"]
[EventCountry "FRA"]
[SourceVersionDate "2022.07.17"]

1. d4 g6 2. e4 Bg7 3. Nf3 d6 4. h3 Nf6 5. Nc3 Nbd7 6. Be3 O-O 7. Qd2 c6 8. a4
Qa5 9. Bd3 e5 10. O-O Nh5 11. Rfb1 Qb4 12. Ne2 Qxd2 13. Bxd2 h6 14. a5 Kh8 15.
g4 Nhf6 16. dxe5 Nxe5 17. Nxe5 dxe5 18. Ng3 Be6 19. Bc3 Nd7 20. b4 Rfd8 21. Kg2
Rab8 22. Be2 b6 23. Rd1 c5 24. Nf1 Rdc8 25. Ne3 Bf8 26. Rab1 cxb4 27. Rxd7 Rxc3
28. Rxa7 bxa5 29. Rxa5 Bc5 30. Bd3 Bxe3 31. fxe3 b3 32. Rc1 Rbc8 33. Ba6 R8c7
34. Kf3 Rxc2 35. Rb1 Rh2 36. Bf1 Rcc2 37. Rxe5 b2 38. Rb5 Ba2 0-1

[Event "Vaujany 2022 Accession"]
[Site "Vaujany"]
[Date "2022.07.15"]
[Round "2.1"]
[White "Deneyer, Frank"]
[Black "Jaulin, Vincent"]
[Result "1-0"]
[WhiteElo "1828"]
[BlackElo "1626"]
[Annotator "Jean-Pierre,Lees"]
[PlyCount "141"]
[EventDate "2022.07.14"]
[EventType "swiss"]
[EventCountry "FRA"]
[SourceVersionDate "2022.07.17"]
[TimeControl "240+2"]

{1024MB, Fritz8.ctg} 1. e4 d6 2. d4 Nf6 3. Nc3 e5 (3... g6) 4. h3 (4. Nf3 Nbd7
5. Bc4 Be7 6. O-O O-O) 4... Nbd7 5. Be3 Be7 6. Bd3 c6 7. Nf3 Qc7 8. O-O O-O 9.
b3 b5 10. Ne2 exd4 11. Bxd4 c5 12. Bxf6 Bxf6 13. e5 Nxe5 14. Nxe5 Bxe5 15. Be4
Bb7 16. Bxb7 Qxb7 17. Rb1 Qc6 18. f4 Bf6 19. Rf3 b4 20. Qd3 Rfe8 21. Rbf1 Qe4
22. Qxe4 Rxe4 23. Ng3 Re6 24. Kh2 a5 25. Rd3 Rd8 26. Rfd1 g6 27. f5 gxf5 28.
Nxf5 Re2 29. Kg1 (29. Rxd6 $4 Be5+) (29. Nxd6 Be5+ 30. Kh1 Rxc2 31. g4 Bxd6 32.
Rxd6 Rxd6 33. Rxd6 Rxa2 $19) 29... d5 30. Rf1 (30. Rxd5 Rxd5 31. Rxd5 Rxc2)
30... Kf8 31. Kh1 Rd7 (31... c4 32. Rg3 Rd7 33. Nh6 Bg7 34. Nf5 Bc3 35. Nh6 f6)
32. Rg3 Be5 33. Re3 Rxe3 34. Nxe3 Ke7 35. g4 Ke6 36. Kg2 f6 37. Re1 Rg7 38. Rd1
h5 39. Kf3 hxg4+ 40. Nxg4 Rh7 41. Rh1 c4 42. h4 f5 43. Ne3 cxb3 44. cxb3 Bd4
45. Nc2 Bf6 46. h5 Rc7 47. Ne1 Bg5 48. Ke2 d4 49. h6 Rh7 50. Nf3 Be3 51. Kd3
Kd5 52. Rh5 Rxh6 53. Rxf5+ Kc6 54. Rxa5 Rd6 55. Ra6+ Kd5 56. Rxd6+ Kxd6 57.
Nxd4 Bf2 58. Kc4 Kc7 59. Nc2 Kb6 60. Nxb4 Bc5 61. Nd5+ Kc6 62. b4 Bd6 63. a4
Bf8 64. b5+ Kb7 65. a5 Bd6 66. Nb4 Be7 67. b6 Bd6 68. Kb5 Bf8 69. a6+ Ka8 70.
Nc6 Bd6 71. b7# 1-0